Hospodárstvo južného Slovenska v období normalizácie (1969 – 1989)
Gespeichert in:
| 1. Verfasser: | |
|---|---|
| Weitere Verfasser: | , , |
| Format: | Buch |
| Sprache: | Slowakisch |
| Veröffentlicht: |
Dunajská Streda
Grafis Media
2022
|
| Ausgabe: | 1. vydanie |
| Schlagworte: | |
| Tags: |
Keine Tags, Fügen Sie das erste Tag hinzu!
|
MARC
| LEADER | 00000nam a2200000 4500 | ||
|---|---|---|---|
| 001 | 0287196 | ||
| 005 | 20240502074420.4 | ||
| 020 | |a 978-80-974129-1-3 | ||
| 041 | 0 | |a slo | |
| 044 | |a SK | ||
| 245 | 1 | 0 | |a Hospodárstvo južného Slovenska v období normalizácie (1969 – 1989) |c Zsolt Horbulák ; recenzenti: Árpád Popély, István Jobbágy |
| 250 | |a 1. vydanie | ||
| 264 | 1 | |a Dunajská Streda |b Grafis Media |c 2022 | |
| 300 | |a 178 s. [11,33 AH] | ||
| 610 | 2 | 0 | |a hospodárstvo regionálne |
| 610 | 2 | 0 | |a menšiny národnostné |
| 610 | 2 | 0 | |a normalizácia |
| 610 | 2 | 0 | |a história |
| 610 | 2 | 0 | |a situácia hospodárska |
| 610 | 2 | 0 | |a situácia politická |
| 610 | 2 | 0 | |a situácia sociálna |
| 610 | 2 | 0 | |a ukazovatele demografické |
| 610 | 2 | 0 | |a ukazovatele ekonomické |
| 610 | 2 | 0 | |a ukazovatele štatistické |
| 610 | 2 | 0 | |a vzťahy hospodárske medzinárodné |
| 610 | 2 | 0 | |a rozvoj hospodársky |
| 610 | 2 | 0 | |a Maďarsko |
| 610 | 2 | 0 | |a Československo |
| 610 | 2 | 0 | |a Slovensko |
| 100 | 1 | |a Horbulák, Zsolt, 1972- | |
| 700 | 1 | |a Szatmári, Daniel | |
| 700 | 1 | |a Popély, Árpád | |
| 700 | 1 | |a Jobbágy, István | |